[Event "2021 FIDE Online Olympiad"]
[Site "Chess.com"]
[Date "2021.08.27"]
[Round "3.1"]
[White "Hanoeman, Suradj"]
[Black "Van den Brink, Peter"]
[Result "1/2-1/2"]
[WhiteElo "1983"]
[BlackElo "2185"]
[PlyCount "94"]
[EventDate "2021.08.27"]
[EventType "team"]
[EventRounds "9"]
[SourceVersionDate "2018.05.14"]
[WhiteTeam "Suriname"]
[BlackTeam "Aruba"]
[WhiteTeamCountry "SUR"]
[BlackTeamCountry "ARN"]

1. d4 e6 2. Nf3 d5 3. e3 c5 4. b3 Nc6 5. Bb2 cxd4 6. exd4 Nf6 7. Bd3 Bd6 8. O-O
O-O 9. Re1 b6 10. Nbd2 Bb7 11. a3 Rc8 12. Ne5 a6 13. Qf3 Bxe5 14. dxe5 Nd7 15.
Re3 d4 16. Bxh7+ Kxh7 17. Qh5+ Kg8 18. Rh3 f5 19. Qh7+ Kf7 20. Rg3 Rg8 21. Qg6+
Ke7 22. Qg5+ Kf8 23. Qg6 Ndxe5 24. Qxe6 Qd7 25. Qxd7 Nxd7 26. Nc4 g6 27. Nd6
Rc7 28. Re1 Nc5 29. Re8+ Kg7 30. Nxf5+ Kf7 31. Rxg8 Kxg8 32. Rxg6+ Kf8 33. Nxd4
Nxd4 34. Bxd4 Nxb3 35. Bxb6 Rxc2 36. h4 Ra2 37. Rg3 Nc1 38. Kh2 Ne2 39. Rg5 Kf7
40. h5 Rxa3 41. h6 Be4 42. Re5 Nc3 43. h7 Bxh7 44. Bc5 Ra2 45. Re7+ Kg6 46. Bd4
Nb5 47. Be3 Bg8 1/2-1/2

[Event "2021 FIDE Online Olympiad"]
[Site "Chess.com"]
[Date "2021.08.27"]
[Round "3.2"]
[White "Croes, Octavio"]
[Black "Matoewi, Roger"]
[Result "0-1"]
[WhiteElo "1794"]
[BlackElo "2015"]
[PlyCount "66"]
[EventDate "2021.08.27"]
[EventType "team"]
[EventRounds "9"]
[SourceVersionDate "2018.05.14"]
[WhiteTeam "Aruba"]
[BlackTeam "Suriname"]
[WhiteTeamCountry "ARN"]
[BlackTeamCountry "SUR"]

1. d4 f5 2. c4 Nf6 3. g3 e6 4. Bg2 Be7 5. Nc3 O-O 6. Nf3 c6 7. O-O d5 8. b3 Ne4
9. Qc2 Bd7 10. Ne5 Be8 11. c5 Nxc3 12. Qxc3 Nd7 13. f4 Nxe5 14. fxe5 Bh5 15.
Bf3 Qe8 16. b4 Bxf3 17. Qxf3 b6 18. a4 bxc5 19. bxc5 Rb8 20. Ba3 Qg6 21. Qd3 h5
22. Rab1 h4 23. Kg2 Qg4 24. Rf4 h3+ 25. Kf2 Qh5 26. Rb4 Rxb4 27. Bxb4 Rb8 28.
Qc3 g5 29. Rf3 Qg4 30. e3 Qe4 31. Ke2 Qb1 32. Ba3 Rb3 33. Qc1 Qa2+ 0-1

[Event "2021 FIDE Online Olympiad"]
[Site "Chess.com"]
[Date "2021.08.27"]
[Round "3.4"]
[White "Cielo, Lesley"]
[Black "Kaslan, Alexandra"]
[Result "0-1"]
[WhiteElo "1243"]
[BlackElo "1435"]
[PlyCount "82"]
[EventDate "2021.08.27"]
[EventType "team"]
[EventRounds "9"]
[SourceVersionDate "2018.05.14"]
[WhiteTeam "Aruba"]
[BlackTeam "Suriname"]
[WhiteTeamCountry "ARN"]
[BlackTeamCountry "SUR"]

1. d4 Nf6 2. Nf3 e6 3. c4 d5 4. e3 c6 5. Nc3 Bb4 6. Bd2 Nbd7 7. c5 b6 8. cxb6
axb6 9. a3 Bd6 10. Bd3 O-O 11. O-O c5 12. b3 cxd4 13. Nxd4 Rxa3 14. Rxa3 Bxa3
15. Qa1 Be7 16. Nc6 Qe8 17. Qa7 Bc5 18. Qa4 Bb7 19. Bb5 Qc8 20. Ra1 Qc7 21. Ra2
Ra8 22. Na7 Ne5 23. b4 Bd6 24. Qb3 Nc4 25. Bxc4 dxc4 26. Qb2 Bxh2+ 27. Kf1 Be5
28. Nab5 Rxa2 29. Qxa2 Qc6 30. f3 Bxc3 31. Nxc3 Nd5 32. b5 Nxc3 33. Bxc3 Qc7
34. Kg1 f6 35. Qc2 Bd5 36. Bb4 g6 37. e4 Bb7 38. Qd2 Kf7 39. Qc3 Bc8 40. Qc2
Bd7 41. Qc1 Kg7 0-1

[Event "2021 FIDE Online Olympiad"]
[Site "Chess.com"]
[Date "2021.08.27"]
[Round "3.5"]
[White "Kalka, Shiva"]
[Black "Stetsenko, Ilya"]
[Result "1-0"]
[WhiteElo "1614"]
[BlackElo "1683"]
[PlyCount "91"]
[EventDate "2021.08.27"]
[EventType "team"]
[EventRounds "9"]
[SourceVersionDate "2018.05.14"]
[WhiteTeam "Suriname"]
[BlackTeam "Aruba"]
[WhiteTeamCountry "SUR"]
[BlackTeamCountry "ARN"]

1. e4 c5 2. Nf3 Nc6 3. d4 cxd4 4. Nxd4 e5 5. Nxc6 bxc6 6. c4 Nf6 7. Bd3 Bb4+ 8.
Bd2 Qe7 9. O-O O-O 10. a3 Bxd2 11. Qxd2 Rd8 12. Nc3 Bb7 13. Rfe1 d5 14. exd5
cxd5 15. cxd5 Nxd5 16. Nxd5 Rxd5 17. Qe3 Rad8 18. Be4 Rd2 19. Qxa7 R2d7 20.
Bxb7 Rxb7 21. Qa5 Rxb2 22. Qxe5 Qxe5 23. Rxe5 f6 24. Rf5 Rdd2 25. g3 Kf7 26. h4
Ke6 27. Rf4 h6 28. h5 Ra2 29. Rxa2 Rxa2 30. a4 Kf7 31. g4 g6 32. Kg2 gxh5 33.
gxh5 Ra3 34. f3 Ke6 35. Kg3 Ra1 36. Rb4 Rh1 37. Rb5 Rg1+ 38. Kf4 Ra1 39. a5
Ra4+ 40. Kg3 Kd7 41. f4 Ke7 42. Kg4 Ra1 43. Kf5 Rh1 44. Kg6 Rf1 45. f5 Rg1+ 46.
Kxh6 1-0

[Event "2021 FIDE Online Olympiad"]
[Site "Chess.com"]
[Date "2021.08.27"]
[Round "3.6"]
[White "Sagastegui, Thamara"]
[Black "Kaslan, Catherine"]
[Result "0-1"]
[WhiteElo "1282"]
[BlackElo "1856"]
[PlyCount "56"]
[EventDate "2021.08.27"]
[EventType "team"]
[EventRounds "9"]
[SourceVersionDate "2018.05.14"]
[WhiteTeam "Aruba"]
[BlackTeam "Suriname"]
[WhiteTeamCountry "ARN"]
[BlackTeamCountry "SUR"]

1. e4 c5 2. Nf3 d6 3. d4 cxd4 4. Nxd4 Nf6 5. Nc3 a6 6. Bc4 e6 7. O-O Be7 8. Be3
Qc7 9. Bb3 O-O 10. Qd3 Nc6 11. Nxc6 bxc6 12. Na4 c5 13. Nc3 Bb7 14. Rad1 Rfd8
15. Bf4 Rac8 16. Bc4 Qc6 17. Qg3 Nxe4 18. Nxe4 Qxe4 19. Bd3 Qc6 20. Bh6 g6 21.
Be3 Bf6 22. c3 d5 23. Bc2 d4 24. cxd4 cxd4 25. Bxd4 Rxd4 26. Rc1 Rc4 27. Qd3
Rxc2 28. Qxc2 Qxg2# 0-1

[Event "2021 FIDE Online Olympiad"]
[Site "Chess.com"]
[Date "2021.08.27"]
[Round "3.1"]
[White "Kamwendo, Precious"]
[Black "Almiron, Antonio"]
[Result "0-1"]
[WhiteElo "1934"]
[BlackElo "2329"]
[PlyCount "96"]
[EventDate "2021.08.27"]
[EventType "team"]
[EventRounds "9"]
[SourceVersionDate "2018.05.14"]
[WhiteTeam "Malawi"]
[BlackTeam "Paraguay"]
[WhiteTeamCountry "MWI"]
[BlackTeamCountry "PAR"]

1. e4 c5 2. Nf3 d6 3. Bb5+ Nd7 4. O-O Ngf6 5. Nc3 a6 6. Bxd7+ Bxd7 7. e5 dxe5
8. Nxe5 e6 9. d3 Bd6 10. Nxd7 Qxd7 11. Bg5 Qc7 12. h3 Be5 13. Qf3 O-O 14. Rae1
h6 15. Bd2 Rad8 16. Re2 b5 17. Rfe1 Bd4 18. Bf4 Qb6 19. Be5 Nd7 20. Bxd4 cxd4
21. Ne4 Rc8 22. c3 dxc3 23. bxc3 Rfd8 24. d4 Qc6 25. Re3 e5 26. dxe5 Nxe5 27.
Qf5 Ng6 28. Qg4 Rd5 29. Ng3 Rf8 30. Nf5 Qf6 31. Rf3 Qg5 32. Qxg5 hxg5 33. Ne7+
Nxe7 34. Rxe7 Rd1+ 35. Kh2 Rd2 36. a4 bxa4 37. Ra7 a3 38. Rxa6 a2 39. c4 Rc8
40. Ra4 Rxc4 41. Ra8+ Kh7 42. Rxf7 Rf4 43. Rxf4 gxf4 44. f3 g5 45. Ra6 Kg7 46.
Kg1 Kf7 47. Kh2 Ke7 48. Kg1 Rd1+ 0-1

[Event "2021 FIDE Online Olympiad"]
[Site "Chess.com"]
[Date "2021.08.27"]
[Round "3.2"]
[White "Heinechen, Juan"]
[Black "Matola, Ernest"]
[Result "1-0"]
[WhiteElo "2001"]
[BlackElo "1812"]
[PlyCount "101"]
[EventDate "2021.08.27"]
[EventType "team"]
[EventRounds "9"]
[SourceVersionDate "2018.05.14"]
[WhiteTeam "Paraguay"]
[BlackTeam "Malawi"]
[WhiteTeamCountry "PAR"]
[BlackTeamCountry "MWI"]

1. e4 e5 2. Nf3 Nf6 3. Nxe5 d6 4. Nf3 Nxe4 5. c3 Nf6 6. d4 Be7 7. Bd3 O-O 8. h3
c5 9. O-O Nc6 10. Re1 Re8 11. Nbd2 a5 12. Nf1 Qb6 13. Ng3 cxd4 14. cxd4 Nb4 15.
Bb1 a4 16. Bg5 Nbd5 17. Qd2 Bd7 18. a3 Rac8 19. Ba2 Be6 20. Bxf6 Bxf6 21. Ne4
Be7 22. Neg5 Bxg5 23. Nxg5 Nc7 24. Qd3 g6 25. Bxe6 Nxe6 26. Nxe6 fxe6 27. Re2
Re7 28. Rae1 Rce8 29. Qc4 Qc6 30. Qxc6 bxc6 31. Rc1 Rc7 32. Rc4 Kf7 33. Rxa4
Rb8 34. Rc4 Ke7 35. d5 e5 36. dxc6 Rb6 37. f4 Ke6 38. fxe5 dxe5 39. Rc5 Rcxc6
40. Rexe5+ Kf6 41. Rxc6+ Rxc6 42. Rb5 h5 43. a4 Rc1+ 44. Kh2 g5 45. a5 Ra1 46.
b4 Ra2 47. Rc5 Ra3 48. h4 g4 49. Rxh5 g3+ 50. Kh3 Rb3 51. Rb5 1-0

[Event "2021 FIDE Online Olympiad"]
[Site "Chess.com"]
[Date "2021.08.27"]
[Round "3.3"]
[White "Shriyan Santosh, Priyasha"]
[Black "Perez Rodriguez, Jennifer"]
[Result "0-1"]
[WhiteElo "1542"]
[BlackElo "2150"]
[PlyCount "92"]
[EventDate "2021.08.27"]
[EventType "team"]
[EventRounds "9"]
[SourceVersionDate "2018.05.14"]
[WhiteTeam "Malawi"]
[BlackTeam "Paraguay"]
[WhiteTeamCountry "MWI"]
[BlackTeamCountry "PAR"]

1. Nf3 d5 2. g3 c5 3. Bg2 Nf6 4. O-O Nc6 5. d3 e5 6. Nbd2 Bd6 7. e4 d4 8. c3 h6
9. a4 Be6 10. h3 Qd7 11. Kh2 Rd8 12. Qc2 dxc3 13. bxc3 Bc7 14. Ne1 g5 15. Ba3
b6 16. Rd1 O-O 17. Rg1 Bd6 18. Qc1 Na5 19. Qc2 c4 20. Bxd6 Qxd6 21. Ndf3 cxd3
22. Rxd3 Qc7 23. Rxd8 Rxd8 24. Qc1 Qc5 25. Nxg5 Nb3 26. Nxe6 Nxc1 27. Nxc5 bxc5
28. Nf3 Nd3 29. Rd1 Rd7 30. Kg1 c4 31. Nh4 Rb7 32. Nf5 Rb3 33. Nxh6+ Kf8 34.
Bf1 Rxc3 35. Bxd3 cxd3 36. Nf5 Nxe4 37. Rb1 f6 38. Rb8+ Kf7 39. Rb7+ Ke6 40. g4
d2 41. Re7+ Kd5 42. Rd7+ Kc6 43. Rd8 Rc1+ 44. Kg2 d1=Q 45. Rxd1 Rxd1 46. Ne3
Rd2 0-1

[Event "2021 FIDE Online Olympiad"]
[Site "Chess.com"]
[Date "2021.08.27"]
[Round "3.4"]
[White "Vargas, Gabriela"]
[Black "Msukwa, Tupokiwe"]
[Result "1-0"]
[WhiteElo "2105"]
[BlackElo "1299"]
[PlyCount "77"]
[EventDate "2021.08.27"]
[EventType "team"]
[EventRounds "9"]
[SourceVersionDate "2018.05.14"]
[WhiteTeam "Paraguay"]
[BlackTeam "Malawi"]
[WhiteTeamCountry "PAR"]
[BlackTeamCountry "MWI"]

1. d4 d5 2. Nf3 e6 3. e3 Nf6 4. Bd3 c5 5. b3 Nc6 6. Bb2 Be7 7. O-O O-O 8. Nbd2
a6 9. Ne5 Qc7 10. f4 b5 11. c4 bxc4 12. bxc4 dxc4 13. Ndxc4 cxd4 14. exd4 Bb7
15. Qe2 Rfd8 16. Rad1 Nxd4 17. Bxd4 Rxd4 18. Bxh7+ Nxh7 19. Rxd4 Bc5 20. Qf2
Bxd4 21. Qxd4 Rd8 22. Qa7 Ra8 23. Qb6 Qxb6+ 24. Nxb6 Rd8 25. Rc1 Rd2 26. Rc7 f6
27. Nec4 Rxg2+ 28. Kf1 Bf3 29. Nd6 g5 30. fxg5 Nxg5 31. Nbc8 Rxh2 32. Ne8 Ne4
33. Nxf6+ Nxf6 34. Ne7+ Kf7 35. Nf5+ Kg6 36. Nd4 Bd5 37. Ra7 Ng4 38. Ke1 Rxa2
39. Re7 1-0

[Event "2021 FIDE Online Olympiad"]
[Site "Chess.com"]
[Date "2021.08.27"]
[Round "3.5"]
[White "Kaliba, Andrew"]
[Black "Melian, Juan Sebastian"]
[Result "0-1"]
[WhiteElo "1000"]
[BlackElo "1597"]
[PlyCount "114"]
[EventDate "2021.08.27"]
[EventType "team"]
[EventRounds "9"]
[SourceVersionDate "2018.05.14"]
[WhiteTeam "Malawi"]
[BlackTeam "Paraguay"]
[WhiteTeamCountry "MWI"]
[BlackTeamCountry "PAR"]

1. e4 c5 2. Nc3 e6 3. d3 a6 4. g3 b5 5. a3 Bb7 6. Bg2 d5 7. exd5 b4 8. axb4
cxb4 9. Na4 Bxd5 10. Nf3 Nf6 11. O-O Bd6 12. c4 bxc3 13. bxc3 O-O 14. c4 Bc6
15. Be3 Nbd7 16. c5 Bxa4 17. Qxa4 Bxc5 18. d4 Bd6 19. Ne5 Nb6 20. Qa5 Nbd5 21.
Qd2 a5 22. Nc6 Qb6 23. Nxa5 Bb4 24. Nc4 Qb5 25. Qc2 Rac8 26. Rfc1 Nxe3 27. fxe3
Nd5 28. Qd3 Nxe3 29. Qxe3 Rxc4 30. Rcb1 Rc3 31. Qe4 Rfc8 32. Bf1 Qb6 33. Ra4
Qxd4+ 34. Qxd4 Bc5 35. Qxc5 R3xc5 36. Rab4 g6 37. Rb8 Kg7 38. Rxc8 Rxc8 39. Kg2
Rc2+ 40. Kh3 h5 41. Bd3 Rd2 42. Bc4 g5 43. g4 hxg4+ 44. Kxg4 Rd4+ 45. Kxg5 Rxc4
46. Rb7 Rc5+ 47. Kf4 Kg6 48. Rb8 Kf6 49. Rb6 Rc4+ 50. Kg3 Kf5 51. Rb5+ e5 52.
h4 Rc3+ 53. Kh2 Kf4 54. Rb6 f5 55. h5 Rc2+ 56. Kh3 Rc1 57. Rb2 Rh1+ 0-1

[Event "2021 FIDE Online Olympiad"]
[Site "Chess.com"]
[Date "2021.08.27"]
[Round "3.6"]
[White "Oviedo Acosta, Paula"]
[Black "Dutt, Lakshita"]
[Result "1-0"]
[WhiteElo "1311"]
[BlackElo "1715"]
[PlyCount "59"]
[EventDate "2021.08.27"]
[EventType "team"]
[EventRounds "9"]
[SourceVersionDate "2018.05.14"]
[WhiteTeam "Paraguay"]
[BlackTeam "Malawi"]
[WhiteTeamCountry "PAR"]
[BlackTeamCountry "MWI"]

1. e4 e5 2. Nf3 Nc6 3. Bc4 Bc5 4. c3 Nf6 5. d3 h6 6. Nbd2 d6 7. Bb3 O-O 8. Nf1
Be6 9. Bc2 Bg4 10. Ne3 Bh5 11. Qe2 a6 12. h3 d5 13. Bd2 d4 14. Nf5 dxc3 15.
bxc3 Ne7 16. g4 Bg6 17. N3h4 Bxf5 18. gxf5 Kh7 19. Rg1 g6 20. Qf3 Rg8 21. fxg6+
Nxg6 22. Nf5 Nf4 23. O-O-O Ba3+ 24. Kb1 c6 25. Bxf4 Qb6+ 26. Bb3 a5 27. Bc1 a4
28. Nxh6 axb3 29. Qf5+ Kh8 30. Nxf7# 1-0

[Event "2021 FIDE Online Olympiad"]
[Site "Chess.com"]
[Date "2021.08.27"]
[Round "3.1"]
[White "Jean Louis, Marckens"]
[Black "Winter Atwell, Adrian"]
[Result "0-1"]
[WhiteElo "2053"]
[BlackElo "2073"]
[PlyCount "94"]
[EventDate "2021.08.27"]
[EventType "team"]
[EventRounds "9"]
[SourceVersionDate "2018.05.14"]
[WhiteTeam "Haiti"]
[BlackTeam "Trinidad & Tobago"]
[WhiteTeamCountry "HAI"]

1. e4 e5 2. Nf3 Nc6 3. d4 exd4 4. Nxd4 Nf6 5. Nxc6 bxc6 6. Bd3 d5 7. Qe2 d4 8.
Bg5 Be7 9. O-O h6 10. Bh4 O-O 11. Bxf6 Bxf6 12. e5 Re8 13. Qe4 Rxe5 14. Qh7+
Kf8 15. f4 Re3 16. Nd2 Be6 17. f5 Bd5 18. Rae1 Ke7 19. c4 Qd6 20. cxd5 cxd5 21.
Nf3 Kd7 22. Rxe3 dxe3 23. Rc1 Qb6 24. Kf1 c5 25. g4 c4 26. Be2 Qxb2 27. Rd1 d4
28. g5 d3 29. Ng1 hxg5 30. Qh5 Ke7 31. Qf3 dxe2+ 32. Nxe2 Rd8 33. Qxe3+ Kf8 34.
Qc5+ Kg8 35. Rxd8+ Bxd8 36. Qxc4 Qb1+ 37. Kg2 Qxf5 38. Ng3 Qf4 39. Qd5 Bb6 40.
Ne4 Qg4+ 41. Ng3 g6 42. Qa8+ Kg7 43. Qd5 Bd4 44. a4 Qf4 45. a5 g4 46. Nh1 Qe3
47. h4 Qh3# 0-1

[Event "2021 FIDE Online Olympiad"]
[Site "Chess.com"]
[Date "2021.08.27"]
[Round "3.2"]
[White "Johnson, Joshua"]
[Black "Guillaume, Jude Mirvens"]
[Result "1-0"]
[WhiteElo "2145"]
[BlackElo "2022"]
[PlyCount "41"]
[EventDate "2021.08.27"]
[EventType "team"]
[EventRounds "9"]
[SourceVersionDate "2018.05.14"]
[WhiteTeam "Trinidad & Tobago"]
[BlackTeam "Haiti"]
[BlackTeamCountry "HAI"]

1. e4 e6 2. d4 g6 3. Nc3 Bg7 4. Be3 d6 5. Qd2 Ne7 6. O-O-O Nd7 7. Bh6 O-O 8. h4
Nf6 9. Be2 e5 10. Bxg7 Kxg7 11. dxe5 Ng4 12. exd6 cxd6 13. h5 Nxf2 14. Qd4+ Kg8
15. Qxf2 Nc6 16. Nf3 Bg4 17. Qg3 Bxf3 18. gxf3 Ne5 19. f4 Nc6 20. Qh2 Qe7 21.
Nd5 1-0

[Event "2021 FIDE Online Olympiad"]
[Site "Chess.com"]
[Date "2021.08.27"]
[Round "3.3"]
[White "Seine, Rose Berline"]
[Black "Johnson, Gabriella"]
[Result "0-1"]
[WhiteElo "1679"]
[BlackElo "1733"]
[PlyCount "52"]
[EventDate "2021.08.27"]
[EventType "team"]
[EventRounds "9"]
[SourceVersionDate "2018.05.14"]
[WhiteTeam "Haiti"]
[BlackTeam "Trinidad & Tobago"]
[WhiteTeamCountry "HAI"]

1. e4 e5 2. Nf3 Nc6 3. Nc3 Nf6 4. Bc4 Bc5 5. d3 d6 6. Bg5 Be6 7. Nd5 Bxd5 8.
exd5 Na5 9. Bb5+ c6 10. dxc6 bxc6 11. Ba4 Qb6 12. d4 Bxd4 13. Nxd4 exd4 14.
Qe2+ Kf8 15. O-O Re8 16. Qf3 Ne4 17. Bc1 d5 18. Qd3 Nc4 19. Bb3 Ne5 20. Qh3 Re6
21. c3 dxc3 22. bxc3 Qc7 23. Bf4 g5 24. Bc1 h5 25. Qe3 Ng4 26. Qd4 Qxh2# 0-1

[Event "2021 FIDE Online Olympiad"]
[Site "Chess.com"]
[Date "2021.08.27"]
[Round "3.4"]
[White "James, Shemilah"]
[Black "Dunat, Kinberlie"]
[Result "0-1"]
[WhiteElo "1494"]
[BlackElo "1398"]
[PlyCount "158"]
[EventDate "2021.08.27"]
[EventType "team"]
[EventRounds "9"]
[SourceVersionDate "2018.05.14"]
[WhiteTeam "Trinidad & Tobago"]
[BlackTeam "Haiti"]
[BlackTeamCountry "HAI"]

1. e4 e5 2. Nf3 Nc6 3. Bc4 Be7 4. d3 d6 5. c3 Nf6 6. O-O O-O 7. Bb3 Bg4 8. h3
Bh5 9. Nbd2 h6 10. Re1 d5 11. exd5 Nxd5 12. Ne4 Na5 13. Ng3 Nxb3 14. axb3 Bxf3
15. Qxf3 f6 16. Nf5 Bc5 17. Qg4 g5 18. Nxh6+ Kh7 19. Nf5 Qd7 20. Qh5+ Kg8 21.
Qg6+ Kh8 22. d4 Bb6 23. c4 Nb4 24. Re4 Bxd4 25. Nxd4 exd4 26. h4 Qh7 27. Qxh7+
Kxh7 28. Re7+ Kg6 29. hxg5 fxg5 30. Rxc7 Nd3 31. f3 Rf7 32. Rxf7 Kxf7 33. Bxg5
Nxb2 34. Re1 Rg8 35. Bd2 Nd3 36. Re4 Rd8 37. Bg5 Rd7 38. Rh4 Kg6 39. Bd2 Nc5
40. Rh6+ Kg7 41. Rh5 Nxb3 42. Bf4 d3 43. g4 d2 44. Bh6+ Kg6 45. Bxd2 Nxd2 46.
f4 Nxc4 47. f5+ Kf6 48. Rh6+ Kg7 49. Rg6+ Kh7 50. g5 Rd6 51. Re6 Rxe6 52. fxe6
Kg6 53. e7 Nd6 54. Kf2 Kxg5 55. Ke3 Kf6 56. e8=Q Nxe8 57. Kd4 Ke6 58. Kc5 Nc7
59. Kb4 Kd6 60. Ka5 b6+ 61. Kb4 a5+ 62. Ka4 Kc5 63. Ka3 b5 64. Kb3 Nd5 65. Ka3
Kc4 66. Kb2 a4 67. Ka3 Nc3 68. Kb2 b4 69. Ka1 b3 70. Kb2 Nd1+ 71. Ka1 a3 72.
Kb1 a2+ 73. Ka1 Nc3 74. Kb2 Na4+ 75. Ka1 b2+ 76. Kxa2 Kc3 77. Kb1 Nc5 78. Ka2
Nb3 79. Kb1 Nd2+ 0-1

[Event "2021 FIDE Online Olympiad"]
[Site "Chess.com"]
[Date "2021.08.27"]
[Round "3.5"]
[White "Etienne, Angelo"]
[Black "Ramsumair, Daenon"]
[Result "1-0"]
[WhiteElo "1995"]
[BlackElo "1469"]
[PlyCount "71"]
[EventDate "2021.08.27"]
[EventType "team"]
[EventRounds "9"]
[SourceVersionDate "2018.05.14"]
[WhiteTeam "Haiti"]
[BlackTeam "Trinidad & Tobago"]
[WhiteTeamCountry "HAI"]

1. d4 Nf6 2. Nf3 d5 3. Bf4 e6 4. h3 c5 5. e3 Bd6 6. Bxd6 Qxd6 7. Bd3 O-O 8. Ne5
Nbd7 9. Nxd7 Bxd7 10. O-O e5 11. dxe5 Qxe5 12. c3 Qg5 13. Qf3 Rfe8 14. Rd1 Bc6
15. Qf5 Re5 16. Qxg5 Rxg5 17. f4 Rh5 18. Nd2 Re8 19. Kf2 g5 20. Be2 gxf4 21.
exf4 Rh6 22. Bf3 Ne4+ 23. Bxe4 dxe4 24. Ke3 Rd6 25. Nc4 Rg6 26. g4 f5 27. Rg1
fxg4 28. Rxg4 Rd8 29. Ne5 Rxg4 30. hxg4 Bb5 31. Kxe4 Rd2 32. Kf5 Rxb2 33. Rd1
Kf8 34. Kf6 Rxa2 35. Rd8+ Be8 36. Nd7+ 1-0

[Event "2021 FIDE Online Olympiad"]
[Site "Chess.com"]
[Date "2021.08.27"]
[Round "3.6"]
[White "La Fleur, Zara"]
[Black "Cadeau, Merisena"]
[Result "1/2-1/2"]
[WhiteElo "1299"]
[BlackElo "1439"]
[PlyCount "69"]
[EventDate "2021.08.27"]
[EventType "team"]
[EventRounds "9"]
[SourceVersionDate "2018.05.14"]
[WhiteTeam "Trinidad & Tobago"]
[BlackTeam "Haiti"]
[BlackTeamCountry "HAI"]

1. e4 c5 2. Nf3 Nc6 3. d4 cxd4 4. Nxd4 d6 5. Nc3 a6 6. Bc4 Nf6 7. Bb3 Qc7 8.
Be3 e6 9. O-O Be7 10. f4 O-O 11. Qf3 Bd7 12. e5 dxe5 13. Nxc6 Bxc6 14. Qf2 Ng4
15. Qg3 Nxe3 16. Qxe3 exf4 17. Qxf4 Bd6 18. Qh4 Rad8 19. Rae1 Be5 20. Ne4 Bxb2
21. Ng5 h6 22. Nxf7 Rd2 23. Nxh6+ gxh6 24. Bxe6+ Kg7 25. Qg4+ Kh7 26. Bf5+ Kh8
27. Be4 Rxf1+ 28. Rxf1 Bg7 29. Qg6 Bxe4 30. Qe8+ Kh7 31. Qxe4+ Kg8 32. Qe8+ Kh7
33. Qe4+ Kg8 34. Qe8+ Kh7 35. Qe4+ 1/2-1/2

[Event "2021 FIDE Online Olympiad"]
[Site "Chess.com"]
[Date "2021.08.27"]
[Round "3.1"]
[White "Diaz Hollemaert, Nahuel"]
[Black "Florentiades, Michalis"]
[Result "1-0"]
[WhiteElo "2496"]
[BlackElo "2024"]
[PlyCount "55"]
[EventDate "2021.08.27"]
[EventType "team"]
[EventRounds "9"]
[SourceVersionDate "2018.05.14"]
[WhiteTeam "Uruguay"]
[BlackTeam "Cyprus"]
[WhiteTeamCountry "URU"]
[BlackTeamCountry "CYP"]

1. Nf3 d5 2. c4 c6 3. e3 Nf6 4. Nc3 a6 5. Qb3 e6 6. d4 Bd6 7. a4 b6 8. Be2 O-O
9. O-O Nbd7 10. Rd1 Qc7 11. Bd2 Ne4 12. Be1 Nxc3 13. bxc3 Bb7 14. h3 Rfd8 15.
Rab1 dxc4 16. Bxc4 c5 17. Bxe6 fxe6 18. Qxe6+ Kh8 19. Ng5 Bh2+ 20. Kh1 Rf8 21.
f4 Bxf4 22. exf4 Qxf4 23. Bd2 Qg3 24. d5 Ne5 25. Ne4 Qg6 26. Nxc5 Rae8 27. Qxg6
Nxg6 28. Nxb7 1-0

[Event "2021 FIDE Online Olympiad"]
[Site "Chess.com"]
[Date "2021.08.27"]
[Round "3.2"]
[White "Savva, Marios"]
[Black "Roselli Mailhe, Bernardo"]
[Result "0-1"]
[WhiteElo "1777"]
[BlackElo "2442"]
[PlyCount "32"]
[EventDate "2021.08.27"]
[EventType "team"]
[EventRounds "9"]
[SourceVersionDate "2018.05.14"]
[WhiteTeam "Cyprus"]
[BlackTeam "Uruguay"]
[WhiteTeamCountry "CYP"]
[BlackTeamCountry "URU"]

1. e4 c5 2. Nf3 e6 3. g3 Nc6 4. Bg2 Nf6 5. Qe2 d5 6. exd5 Nxd5 7. O-O Be7 8.
Rd1 Bf6 9. Nc3 O-O 10. Ne4 Be7 11. d4 cxd4 12. Nxd4 Nxd4 13. Rxd4 Nf4 14. Qc4
Qxd4 15. Qxd4 Ne2+ 16. Kf1 Nxd4 0-1

[Event "2021 FIDE Online Olympiad"]
[Site "Chess.com"]
[Date "2021.08.27"]
[Round "3.3"]
[White "De Leon, Daiana"]
[Black "Ioannides Liu, Alice"]
[Result "1-0"]
[WhiteElo "1624"]
[BlackElo "1475"]
[PlyCount "119"]
[EventDate "2021.08.27"]
[EventType "team"]
[EventRounds "9"]
[SourceVersionDate "2018.05.14"]
[WhiteTeam "Uruguay"]
[BlackTeam "Cyprus"]
[WhiteTeamCountry "URU"]
[BlackTeamCountry "CYP"]

1. d4 Nf6 2. c4 g6 3. Nc3 Bg7 4. e4 d6 5. f3 O-O 6. Be3 Nbd7 7. Qd2 c5 8. d5
Ne5 9. Be2 a6 10. a4 Qa5 11. g4 Qb4 12. Nd1 Qxd2+ 13. Bxd2 e6 14. Nc3 exd5 15.
cxd5 c4 16. Bf4 Nfd7 17. Nh3 f5 18. gxf5 gxf5 19. Bg5 Nd3+ 20. Bxd3 cxd3 21.
Nf2 Ne5 22. Be7 Nxf3+ 23. Kd1 Rf7 24. Bxd6 fxe4 25. Nfxe4 Bg4 26. Kc1 Bh6+ 27.
Kb1 Re8 28. Ka2 Bg7 29. Rad1 Bxc3 30. Nxc3 Rd8 31. Bb4 d2 32. Ne4 Ne5 33. Rhg1
Kh8 34. Bc3 h5 35. Bxe5+ Kh7 36. Rxd2 Be6 37. Ng5+ Kh6 38. Nxf7+ Bxf7 39. Rgd1
h4 40. Kb1 b5 41. axb5 axb5 42. d6 Bg6+ 43. Kc1 Rc8+ 44. Bc3 b4 45. d7 Ra8 46.
Rd6 bxc3 47. bxc3 Ra2 48. Rxg6+ Kxg6 49. d8=Q Ra1+ 50. Kd2 Rxd1+ 51. Kxd1 h3
52. Ke2 Kf5 53. Kf3 Kg6 54. Qd5 Kf6 55. Kf4 Kg6 56. Qe5 Kh6 57. Qg5+ Kh7 58.
Kf5 Kh8 59. Kf6 Kh7 60. Qg7# 1-0

[Event "2021 FIDE Online Olympiad"]
[Site "Chess.com"]
[Date "2021.08.27"]
[Round "3.4"]
[White "Ozbil, Djeren"]
[Black "Silva Rosas, Natalia"]
[Result "0-1"]
[WhiteElo "1220"]
[BlackElo "1771"]
[PlyCount "60"]
[EventDate "2021.08.27"]
[EventType "team"]
[EventRounds "9"]
[SourceVersionDate "2018.05.14"]
[WhiteTeam "Cyprus"]
[BlackTeam "Uruguay"]
[WhiteTeamCountry "CYP"]
[BlackTeamCountry "URU"]

1. e4 c5 2. Nc3 e6 3. Bc4 a6 4. a3 Nc6 5. Nf3 Qc7 6. d3 Nf6 7. Be3 Ng4 8. Qd2
Bd6 9. h3 Nxe3 10. Qxe3 b6 11. O-O Bb7 12. Rfe1 Ne5 13. Nxe5 Bxe5 14. Qd2 O-O
15. Ne2 b5 16. Ba2 Bxb2 17. Rab1 Bxa3 18. Rb3 Bb4 19. c3 Ba5 20. Rc1 d5 21. Qe3
c4 22. dxc4 dxc4 23. Rb2 Bb6 24. Qf3 f5 25. Ng3 fxe4 26. Nxe4 Rxf3 27. gxf3
Bxe4 28. fxe4 Qg3+ 29. Kh1 Bxf2 30. Rf1 Qxh3# 0-1

[Event "2021 FIDE Online Olympiad"]
[Site "Chess.com"]
[Date "2021.08.27"]
[Round "3.5"]
[White "Romero, Juan"]
[Black "Amvrosiades, Themistokles"]
[Result "1-0"]
[WhiteElo "1457"]
[BlackElo "1000"]
[PlyCount "35"]
[EventDate "2021.08.27"]
[EventType "team"]
[EventRounds "9"]
[SourceVersionDate "2018.05.14"]
[WhiteTeam "Uruguay"]
[BlackTeam "Cyprus"]
[WhiteTeamCountry "URU"]
[BlackTeamCountry "CYP"]

1. e4 e5 2. Nf3 Nc6 3. Bc4 Bc5 4. c3 Nf6 5. d4 exd4 6. cxd4 Bb4+ 7. Bd2 Bxd2+
8. Nbxd2 Qe7 9. e5 Ng4 10. O-O d6 11. exd6 Qxd6 12. Re1+ Be6 13. Ne4 Qd7 14.
Nc5 Qe7 15. Nxe6 fxe6 16. Rxe6 Qxe6 17. Bxe6 Nf6 18. d5 1-0